| 000 | 00690cam a2200157ua 4500 | ||
|---|---|---|---|
| 041 |
_aeng _h |
||
| 082 |
_a624.007 _bIND/UN |
||
| 110 | 1 |
_aIndian Standards Institution . _b _c() |
|
| 245 |
_aUnited nomenclature of workmen for civil engineering, IS 10302-1982 / _cIndian Standards Institution. _hTheses |
||
| 250 |
_a / _b. |
||
| 260 |
_aNew Delhi : _bIndian Standards Institution , _c1983. |
||
| 300 | _a6 ; . | ||
| 504 | _a | ||
| 942 | _cBK | ||
| 999 |
_c9729 _d9729 |
||